| 000 | 00582nam a2200193Ia 4500 | ||
|---|---|---|---|
| 003 | OSt | ||
| 005 | 20201006094709.0 | ||
| 008 | 190216s9999||||xx |||||||||||||| ||und|| | ||
| 020 | _a9780070145900 | ||
| 040 | _coclc | ||
| 082 |
_a005.133 _bGOT/P |
||
| 100 |
_aGottfried, Byron S _95335 |
||
| 245 | 0 |
_aProgramming With C / _cByron S Gottfried ; J K Chhabra |
|
| 250 | _a3rd Ed. | ||
| 260 |
_bTata Mcgraw Hill Publishing Company Ltd, _c2011. _aNew Delhi: |
||
| 300 | _a607p | ||
| 650 | _aComputer Science | ||
| 942 |
_cBK _2ddc _h005.133 _iGOT/P _k005.133 _mGOT/P |
||
| 999 |
_c9053 _d9053 |
||